• 首页
  • 本馆介绍
  • 公告通知
  • 最新文献
  • 馆藏检索
  • 电子资源
  • 读者荐购
  • 参考咨询
  • CALIS
  • 我的图书馆
  • 登录
  • 详细信息显示
  • 放入我的书架
  • 预约/预借图书
  • 作者相关作品
  • 分类相关作品
  • 丛书相关作品
  • 出版社相关作品

书目信息

  • 表格格式
  • 工作单格式
  • 卡片格式
题名:
未来漫游指南
    
 
作者: 诺韦拉 , 诺韦拉 , 诺韦拉 著 ;别尽秋 译
分册:  
出版信息: 北京   中国科学技术出版社  2024.09
页数: 426页
开本: 22cm
丛书名:
单 册:
中图分类: N49
科图分类:
主题词: 科学技术--ke xue ji shu--普及读物
电子资源:
ISBN: 978-7-5236-0958-3
 
 
 
 
 
000 01913nam0 2200313 450
001 94606
005 20250820175343.17
010    @a978-7-5236-0958-3@b精装@dCNY89.00
100    @a20241104d2024 em y0chiy50 ea
101 1  @achi@ceng
102    @aCN@b110000
105    @ay a 000yy
106    @ar
200 1  @a未来漫游指南@Awei lai man you zhi nan@e昨日科技与人类未来@f(美) 史蒂文·诺韦拉, 鲍勃·诺韦拉, 杰伊·诺韦拉著@d= The skeptics' guide to the future@ewhat yesterday's science and science fiction tell us about the world of tomorrow@fSteven Novella, Bob Novella, Jay Novell@g别尽秋译@zeng
210    @a北京@c中国科学技术出版社@d2024.09
215    @a426页@d22cm
314    @a史蒂文·诺韦拉, 耶鲁大学医学院神经学家。他与鲍勃·诺韦拉、杰伊·诺韦拉共同主持的播客节目《怀疑论者的宇宙指南》(The Skeptics'Guide to theUniverse)拥有15万名听众、100多万粉丝。
320    @a有书目 (第413-426页)
330    @a未来从过去开始。本书对科学和科幻小说进行了挖掘, 以展示未来科技创新的方向, 探讨过去对未来的预测哪些已经落实, 又有哪些是错误的, 而这一过程中最重要的, 无疑是探究是什么造成了预测的正误。在不久的未来、中期的未来和遥远的未来, 我们可以预测哪些技术即将出现? 本书以科学技术为指导, 对基因技术、脑机接口、量子计算、纳米技术等前沿科技提供了更为切实可信的发展分析。这本书将引领读者穿越时空, 通过审视过去的预测和现实之间的关系, 帮助我们更好地理解科技发展的脉络。
500 10 @aSkeptics' guide to the future : what yesterday's science and science fiction tell us about the world of tomorrow@mChinese
517 1  @a昨日科技与人类未来@Azuo ri ke ji yu ren lei wei lai
606 0  @a科学技术@Ake xue ji shu@j普及读物
690    @aN49@v5
701  1 @a诺韦拉@Anuo wei la@g(Novella, Steven)@4著
701  1 @a诺韦拉@Anuo wei la@g(Novella, Bob)@4著
701  1 @a诺韦拉@Anuo wei la@g(Novella, Jay)@4著
702  0 @a别尽秋@Abie jin qiu@4译
801  0 @aCN@c20250909
905    @a河南城建学院图书馆@dN49@eN982@f1
    
    未来漫游指南:昨日科技与人类未来/(美) 史蒂文·诺韦拉, 鲍勃·诺韦拉, 杰伊·诺韦拉著= The skeptics' guide to the future:what yesterday's science and science fiction tell us about the world of tomorrow/Steven Novella, Bob Novella, Jay Novell/别尽秋译.-北京:中国科学技术出版社,2024.09
    426页;22cm
    
    
    ISBN 978-7-5236-0958-3(精装):CNY89.00
    未来从过去开始。本书对科学和科幻小说进行了挖掘, 以展示未来科技创新的方向, 探讨过去对未来的预测哪些已经落实, 又有哪些是错误的, 而这一过程中最重要的, 无疑是探究是什么造成了预测的正误。在不久的未来、中期的未来和遥远的未来, 我们可以预测哪些技术即将出现? 本书以科学技术为指导, 对基因技术、脑机接口、量子计算、纳米技术等前沿科技提供了更为切实可信的发展分析。这本书将引领读者穿越时空, 通过审视过去的预测和现实之间的关系, 帮助我们更好地理解科技发展的脉络。
●
相关链接 在E读中查询图书 在当当中查询图书 在豆瓣中查询图书


正题名:未来漫游指南     索取号:N49/N982         预约/预借

序号 登录号 条形码 馆藏地/架位号 状态 备注
1 1628812   216288121   自科库401/401自科库 140排2列2层/ [索取号:N49/N982] 在馆    
河南城建学院图书馆 欢迎您!
大连网信软件有限公司© 版权所有